00622nam a2200205Ia 450000500170000000800410001702000300005804000190008804100120010708200140011910000270013324500570016025000140021726000590023130000280029050400500031865000140036870000240038285000100040620180803100817.0131103s9999 xx 000 0 und d a007231488 5 (alk . paper) aLoreto College aEnglish a330 bSAM aSamuelson,Paul A. 1915 aEconomicscPaul A.Samuelson [and] William D.Nordhaus a17 th ed. aNew DelhibTata McGraw - Hill Publishing Co.Ltd.c2003 axxiv,792 p.b ill.,fig. aIncludes bibliographical references and index aEconomics aNordhaus,William D. aLCLIB